000 02100nka a2200397 i 4500
001 102930
003 ES-MaACL
005 20250823063057.0
007 t|
008 051220q1780 sp f | |r||1c|spa d
100 1 _aHubert, François,
_d1744-1809
_eegr
_964496
245 1 1 _a[Nacimiento del Hijo de Dios]
_h[Material gráfico] /
_cB. Murillo lo pintó ; León Bueno lo delineó ; Huvert lo grabó, París
246 1 _aAdoración de los pastores
260 _a[Madrid] :
_bse hallará en la Calcografía de la Imprenta Real,
_c[ca. 1780]
300 _a1 estampa :
_bgrabado calcográfico ;
_c526 x 562 mm
490 1 _aColección facticia de grabados ;
_v10
_9184692
500 _aInscripción: "El Nacimiento del Hijo de Dios, de Murillo; tiene seis pies y tres cuartas de alto por ocho de ancho. Se ha trasladado del Real Palacio al Museo de Madrid"
500 _aEstampa que reproduce la pintura de Murillo que se conservaba en el Palacio Real de Madrid, hoy en el Museo del Prado. Hubert grabó la plancha de cobre, por la que cobró 40.000 reales, a partir de un dibujo de León Bueno
530 _aDisponible en formato digital
600 0 4 _aJesucristo-
_xNatividad
_966372
650 7 _aSagrada Familia
_2embne
_916965
650 7 _aPastores
_2embne
_915881
655 7 _aGrabados calcográficos
_2tgfbne
_9241761
655 7 _aGrabados
_2tgfbne
_9226846
655 4 _aReproducciones de obras de arte
_9241931
700 1 _aMurillo, Bartolomé Esteban,
_d1617-1682
_eart
_984581
700 1 _aBueno, León,
_ds. XVIII
_edrm
_932380
710 2 _aCalcografía de la Imprenta Real
_eedt
_9241806
830 0 _aColección facticia de grabados ;
_v10
_9184692
852 4 _aES-MaACL
_cDEPO2
_jGF-2(10)
856 4 _uhttps://bdh-rd.bne.es/viewer.vm?id=0000151848&page=1
_yVersión en línea
_z(Biblioteca Digital Hispánica)
856 4 _uhttps://www.academiacolecciones.com/estampas/inventario.php?id=GR-1473
_yVersión en línea
_z(Real Academia de Bellas Artes de San Fernando)
942 _2udc
_cDIBGRB
_n0
999 _c102930
_d102930